Убитые знаменитости по их убийцам - Statistics

General Stats
  • This quiz has been taken 13 times
  • The average score is 5 of 15
Answer Stats
Убийцы Убитые % Correct
Ли Харви Освальд Джон Кеннеди
92%
Гаврила Принцип Франц Фердинанд
58%
Рамон Меркадер Лев Троцкий
58%
Софья Перовская и Андрей Желябов Александр II
58%
Джон Уилкс Бут Авраам Линкольн
50%
Богдан Сташинский Степан Бандера
42%
Джек Руби Ли Харви Освальд
25%
Леонид Николаев Сергей Киров
25%
Чарльз Мэнсон (не напрямую) Шерон Тэйт
17%
Павел Судоплатов Евгений Коновалец
17%
Эндрю Кьюненен Джанни Версаче
17%
Кристофер Скэрвер Джеффри Дамер
8%
Фил Спектор Лана Кларксон
8%
Варг Викернес Евронимус
8%
Нэйтан Гейл Даймбэг Дарелл
8%
No matching quizzes found
Score Distribution
Percent of People with Each Score
Percentile by Number Answered
Your Score History
You have not taken this quiz